000 01313nam a2200325 a 4500
001 ebr10019973
003 CaPaEBR
006 m u
007 cr cn|||||||||
008 020215s2002 mou sb s001 0 eng
010 _z 2002023840
020 _z0826214061 (alk. paper)
040 _aCaPaEBR
_cCaPaEBR
035 _a(OCoLC)55638419
050 1 4 _aPS3525.I5156
_bZ84 2002eb
082 0 4 _a813/.52
_221
100 1 _aOtten, Terry.
245 1 4 _aThe temptation of innocence in the dramas of Arthur Miller
_h[electronic resource] /
_cTerry Otten.
260 _aColumbia :
_bUniversity of Missouri Press,
_cc2002.
300 _axvi, 280 p.
504 _aIncludes bibliographical references (p. 251-267) and index.
533 _aElectronic reproduction.
_bPalo Alto, Calif. :
_cebrary,
_d2013.
_nAvailable via World Wide Web.
_nAccess may be limited to ebrary affiliated libraries.
600 1 0 _aMiller, Arthur,
_d1915-2005
_xCriticism and interpretation.
650 0 _aInnocence (Psychology) in literature.
650 0 _aDrama
_xPsychological aspects.
650 0 _aTemptation in literature.
655 7 _aElectronic books.
_2local
710 2 _aebrary, Inc.
856 4 0 _uhttp://site.ebrary.com/lib/rucke/Doc?id=10019973
_zAn electronic book accessible through the World Wide Web; click to view
999 _c9273
_d9273